书目信息 |
| 题名: |
中国小杂种:优质高产栽培技术
|
|
| 作者: | ;全国农业技术推广服务中心 | |
| 分册: | ||
| 出版信息: | 北京 中国农业出版社 2015.60 |
|
| 页数: | 609 | |
| 开本: | 26cm | |
| 丛书名: | ||
| 单 册: | ||
| 中图分类: | S51 | |
| 科图分类: | ||
| 主题词: | 禾谷类作物 | |
| 电子资源: | ||
| ISBN: | 7-109-20498-0 | |
| 000 | 00683nam0 2200181 450 | |
| 001 | 1735965424 | |
| 005 | 20170410095925.42 | |
| 010 | @a7-109-20498-0@b精装 | |
| 100 | @a20170410d km y0chiy0120 ea | |
| 101 | 0 | @achi |
| 200 | 1 | @a中国小杂种:优质高产栽培技术@Azhong guo xiao za zhong:you zhi gao chan zai pei ji shu@f全国农业技术推广服务中心@Fquan guo nong ye ji shu tui guang fu wu zhong xin |
| 210 | @a北京@c中国农业出版社@d2015.60 | |
| 215 | @a609@c彩图@d26cm | |
| 606 | 0 | @a禾谷类作物 |
| 690 | @aS51@v4 | |
| 711 | 02 | @a全国农业技术推广服务中心@Aquan guo nong ye ji shu tui guang fu wu zhong xin |
| 801 | 0 | @aCN@b大连网信软件有限公司图书馆·11@c20170410 |
| 905 | @b6604844@dS51@en4@f1 | |
| 中国小杂种:优质高产栽培技术/全国农业技术推广服务中心.-北京:中国农业出版社,2015.60 |
| 609:彩图;26cm |
| ISBN 7-109-20498-0(精装): |
| ● |
| 相关链接 |
|
|
|
|
正题名:中国小杂种:优质高产栽培技术
索取号:S51/n4
 
预约/预借
| 序号 | 登录号 | 条形码 | 馆藏地/架位号 | 状态 | 备注 |
| 1 | 6604844 | 266048449 | 密集书库-生命科学系/ [索取号:S51/n4] | 在馆 |